Meditazioni per consacrate secolari (Record n. 35371)

Dettagli MARC
000 -LEADER
fixed length control field 02454nam a2200217Ia 4500
003 - CONTROL NUMBER IDENTIFIER
control field IT-RoPAU
005 - DATE AND TIME OF LATEST TRANSACTION
control field 20220918175908.0
008 - FIXED-LENGTH DATA ELEMENTS--GENERAL INFORMATION
fixed length control field 120407s9999 xx 000 0 und d
040 ## - CATALOGING SOURCE
Original cataloging agency IT-RoPAU
040 ## - CATALOGING SOURCE
Transcribing agency IT-RoPAU
041 ## - LANGUAGE CODE
Language code of text/sound track or separate title ita
100 ## - MAIN ENTRY--PERSONAL NAME
Personal name Alberione, Giacomo
Titles and words associated with a name ssp
9 (RLIN) 14
245 ## - TITLE STATEMENT
Title Meditazioni per consacrate secolari
Remainder of title A cura del Sac. Gabriele Amorth, ssp
250 ## - EDITION STATEMENT
Edition statement 1° ed.
260 ## - PUBLICATION, DISTRIBUTION, ETC. (IMPRINT)
Place of publication, distribution, etc. Roma
Name of publisher, distributor, etc. Edizioni Paoline
Date of publication, distribution, etc. 1976
300 ## - PHYSICAL DESCRIPTION
Extent 510 p.
Dimensions 18,5 cm
490 ## - SERIES STATEMENT
Series statement Opera Omnia, 4
520 ## - SUMMARY, ETC.
Summary, etc. INDICE<br/>Presentazione;<br/>1)Istituti Secolari;<br/>2)Apostolato e voti;<br/>3)Triplice ordine di meriti;<br/>4)La consacrazione negli Istituti secolari;<br/>5)Obbedienza dell'anima consacrata;<br/>6)La preghiera;<br/>7)L'Istituto Maria SS. Annunziata;<br/>8)Triplice prova;<br/>9)Identità degli istituti Secolari;<br/>10)Vocazione e apostolato;<br/>11)Povertà;<br/>12)Castità e obbedienza;<br/>13)Tre ricordi;<br/>14)Per fare bene gli esercizi;<br/>15)La morte;<br/>16)Istituti Secolari in genere;<br/>17)Confessione e comunione;<br/>18)Unione con Dio;<br/>19)Meriti e gloria per il paradiso;<br/>20)Stato privilegiato;<br/>21)Caratteristiche degli Istituti Secolari;<br/>22)Voti e mezzi per osservarli;<br/>23)La Madonna-L'apostolato;<br/>24)La fede;<br/>25)Veri eroi nel mondo;<br/>26)La vocazione;<br/>27)Retta intenzione;<br/>28)Forme di preghiera;<br/>29)Valore della preghiera;<br/>30)Il fine;<br/>31)Istruzioni sullo Statuto;<br/>32)Che cos'è la morte?;<br/>33)Giudizio-Confessione-Direzione;<br/>34)La confessione;<br/>35)Il paradiso;<br/>36)L'obbedienza;<br/>37)La preghiera per l'anima apostolica;<br/>38)Messa delle professioni;<br/>39)I misteri del rosario;<br/>40)Amore a Dio;<br/>41)L'Annunciazione;<br/>42)Riparazione;<br/>43)I voti;<br/>44)Donazione e apostolato;<br/>45)Progredire;<br/>46)Invito alla vita comune;<br/>47)Santità di ognuna;<br/>48)Istituti Secolari e gruppi di vita comune;<br/>49)Il problema della salvezza;<br/>50)Incontri con Cristo;<br/>51)Virtù teologali;<br/>52)Bibbia e sua diffusione;<br/>53)I novissimi;<br/>54)Vocazione e vita consacrata;<br/>55)Orientare la spiritualità;<br/>56)Carità;<br/>57)L'umiltà;<br/>58)Gesù Maestro, Via Verità e Vita;<br/>59)Unione a Cristo;<br/>60)La devozione alla Madonna;<br/>61)Commento a un discorso del Papa;<br/>62)Il Papa, successore di san Pietro;<br/>63)Zizzania e buon grano;<br/>64)Preparazione al Natale;<br/>65)Santificare il tempo;<br/>66)Visita Eucaristica-Visita;<br/>67)Disciplina interiore;<br/>68)Spiritualità paolina;<br/>69)Ricordo per la professione. la meditazione;<br/>70)Santificare l'inizio della giornata;<br/>71)Carità-Esempi di Gesù;<br/>Data e occasione delle meditazioni.
942 ## - ADDED ENTRY ELEMENTS (KOHA)
Koha item type LIBRO
Source of classification or shelving scheme Dewey Decimal Classification
Dati di copia
Withdrawn status Lost status Source of classification or shelving scheme Damaged status Not for loan Home library Current library Date acquired Total Checkouts Full call number Date last seen Price effective from Koha item type Public note
    Dewey Decimal Classification Buone Condizioni Not For Loan PAULUS-BIBLIOTECA PAULUS-BIBLIOTECA 11/04/2012   P A6 11/04/2012 11/04/2012 LIBRO Inserito da: Sergio In data: 27 settembre 2011 fondo: Via A.Severo 56 Progr:26145
    Dewey Decimal Classification Buone Condizioni Not For Loan PAULUS-BIBLIOTECA PAULUS-BIBLIOTECA 07/12/2012   P A6 07/12/2012 07/12/2012 LIBRO  
    Dewey Decimal Classification Buone Condizioni Not For Loan PAULUS-BIBLIOTECA PAULUS-BIBLIOTECA 07/12/2012   P A6 07/12/2012 07/12/2012 LIBRO  
    Dewey Decimal Classification Buone Condizioni Not For Loan PAULUS-BIBLIOTECA PAULUS-BIBLIOTECA 07/12/2012   P A6 07/12/2012 07/12/2012 LIBRO  
CREDITS: SOCIETA' SAN PAOLO Via A.Severo, 58 - ROMA (RM) & PERIODICI SAN PAOLO SRL Via Giotto, 36 MILANO & CISF Via Giotto, 36 MILANO & EDIZIONI SAN PAOLO SRL,  Piazza Soncino, 5 CINISELLO BALSAMO (MI) -- ITALY